000 00674mam a22002297a 4500
008
020 _a1857152107 (hbk.)
049 _aMAIN
090 _aPR5320
_bSCO
100 1 _aScott, Walter.
245 1 0 _aRob Roy /
_cWalter Scott ; with an introduction by Eric Anderson.
260 _aLondon :
_bDavid Campbell,
_c1995.
300 _axliii, 494 p. ;
_c21 cm.
490 0 _aEveryman's library ;
_v210.
600 0 0 _aRob Roy,
_d1671-1734
_xFiction.
650 7 _aHistorical fiction.
_2gsafd
907 _a.b10238104
_b06-02-13
_c23-03-07
003
005 20230123134417.0
040 _cNUST
942 _cBOOKS
_kPR5320
_mSCO
999 _c165452
_d165452